000 00428pam a2200157a 44500
008 230515b2011 xxu||||| |||| 00| 0 eng d
020 _aNULL
041 _aENGLISH
082 _aN D
100 _aFLEMING D O HUNT D L
245 _aBIOLOGICAL SAFETY PRINCIPLES & PRACTICES
250 _a1
260 _aWASHINGTON
_bA.P.H. PUBLISHING CORPORATION
_c2011
300 _a784
650 _aBIOLOGICAL SAFETY PRINCIPLES & PRACTICES
999 _c567572
_d567572